Online Catalogue and eLibrary

The Message Bearers: (Record no. 1149)

MARC details
000 -LEADER
fixed length control field 00497nam a2200181Ia 4500
005 - DATE AND TIME OF LATEST TRANSACTION
control field 20250325065104.0
008 - FIXED-LENGTH DATA ELEMENTS--GENERAL INFORMATION
fixed length control field 240331s9999 xx 000 0 und d
082 ## - DDC Classification
Class No. 302.234
Item Number - Author Mark BAS
DDC Edition Number 474
100 ## - MAIN ENTRY--PERSONAL NAME
Personal name Baskaran, S.T
245 #4 - TITLE STATEMENT
Title The Message Bearers:
Remainder of title The Nationalist Politics and the Entertainment Media in South India 1880-1945
260 ## - PUBLICATION, DISTRIBUTION, ETC.
Place of publication, distribution, etc. Madras,
Name of publisher, distributor, etc. Cre-A
Date of publication, distribution, etc. 1981
300 ## - PHYSICAL DESCRIPTION
Extent (e.g. Volumes, Pages etc.) 203 p.,Media
650 ## - SUBJECT ADDED ENTRY--TOPICAL TERM
Topical term or geographic name entry element Media
650 ## - SUBJECT ADDED ENTRY--TOPICAL TERM
Topical term or geographic name entry element Cinema
650 ## - SUBJECT ADDED ENTRY--TOPICAL TERM
Topical term or geographic name entry element History
650 ## - SUBJECT ADDED ENTRY--TOPICAL TERM
Topical term or geographic name entry element Nationalism
942 ## - Koha item type (Biblio)
Koha item type Books in Stacks (Lending)
Holdings
Lost status Damaged status Collection code Home library Current library Shelving location Date acquired Full call number Accession Number Item type
    Lending WERC Library WERC Library Social Science Cupboard 03/31/2024 302.234 BAS 474 Books in Stacks (Lending)

© WERC Library